[Event "Windsor NAYCC U12"]
[Site "Windsor"]
[Date "2016.08.09"]
[Round "5.96"]
[White "Grabinsky, Joshua"]
[Black "Nath, Naveen"]
[Result "1-0"]
[WhiteElo "1704"]
[BlackElo "1481"]
[PlyCount "73"]
[EventDate "2016.08.07"]
[EventType "swiss"]
[EventRounds "9"]
[EventCountry "CAN"]
[SourceTitle "EXT 2022"]
[Source "ChessBase"]
[SourceDate "2021.10.06"]
[SourceVersion "1"]
[SourceVersionDate "2021.10.06"]
[SourceQuality "1"]

1. e4 e5 2. Nf3 Nc6 3. d4 exd4 4. Nxd4 Bc5 5. Nxc6 bxc6 6. Bc4 d6 7. c3 Nf6 8. Nd2 0-0 9. 0-0 Bg4 10. Qc2 Re8 11. Ba6 d5 12. b4 Be7 13. Bb7 Rb8 14. Bxc6 Rf8 15. e5 Nd7 16. f4 Be2 17. Re1 Bc4 18. Nxc4 dxc4 19. Rd1 Qc8 20. Bxd7 Qb7 21. Be3 Rfd8 22. Bf5 g6 23. Be4 Qa6 24. a4 Qc8 25. Rxd8+ Qxd8 26. Bxa7 Rc8 27. Bb7 Qe8 28. Bxc8 Qxc8 29. Rd1 Qg4 30. Qd2 Kf8 31. Bc5 Bxc5+ 32. bxc5 Kg7 33. Qd8 Qe2 34. Qd4 Kf8 35. e6 fxe6 36. Qf6+ Ke8 37. Rd8# 1-0